000 00514nam a2200133 a 4500
008 120416s1979 ||||||||||||||||| || u
050 _aTP 826.5 Par
100 _aParry, J. P. M
245 1 0 _aBrickmaking in developing countries
260 _aWatford, [Eng.]
_bBuilding Research Establishment
_c1979
300 _av, 88p. : ill.
350 _a0.00
995 _D0.00
_FCBU-MAIN LIBRARY (Kitwe)
_H1
_I0.00
_UWEEDED
_VAug 31, 2017
_ZMain Library Open Access Collection
999 _c36120
_d36120